Manual de procedimiento para la catalogación de documentos: patrimoniales, históricos y etnográficos
Salvato in:
| Autore principale: | |
|---|---|
| Natura: | Libro |
| Lingua: | spagnolo |
| Pubblicazione: |
Valparaíso
Pontificia Universidad Católica de Valparaíso
2010
|
| Edizione: | 1a. ed |
| Serie: | Manual Técnico, 2
|
| Soggetti: | |
| Tags: |
Aggiungi Tag
Nessun Tag, puoi essere il primo ad aggiungerne!!
|
MARC
| LEADER | 00000nam a2200000 a 4500 | ||
|---|---|---|---|
| 001 | UCG1283 | ||
| 003 | CL-VaPUC | ||
| 008 | 100429e20100000CL |||||||||||||||||spa|d | ||
| 020 | |a 9789561704541 | ||
| 082 | 0 | 4 | |a 001 |b AST |2 21 |
| 100 | 0 | |a Astudillo Rojas, Elba Cecilia |e author |9 549133 | |
| 245 | 1 | 0 | |a Manual de procedimiento para la catalogación de documentos: patrimoniales, históricos y etnográficos |
| 250 | |a 1a. ed | ||
| 300 | |a 102 p | ||
| 942 | |c BK | ||
| 945 | |d 20100429 00:00:00 |a cmena | ||
| 260 | |a Valparaíso |b Pontificia Universidad Católica de Valparaíso |c 2010 | ||
| 500 | |a Esta obra ha sido posible gracias al aporte del Fondo del Libro, del Consejo Nacional de la Cultura y las Artes | ||
| 500 | |a La Red de Archivos y Museos Patrimoniales ARPA, ha desarrollado un modelo de documentación que permite describir, catalogar y difundir documentos históricos y etnográficos independientemente de su tipo o soporte, enfatizando su valor en cuanto a documentos de archivo y a testimonios de un evento o circunstancia histórica o cultural. El presente manual está conformado por dos secciones: Normas de Descripción de ARPA y Formato de catalogación ARPA | ||
| 600 | 0 | 7 | |a ARPA |2 CL-VaPUC |9 549134 |
| 650 | 7 | |a DOCUMENTOS PATRIMONIALES |2 CL-VaPUC |9 549135 | |
| 650 | 7 | |a DOCUMENTOS HISTORICOS |2 CL-VaPUC |9 438868 | |
| 650 | 7 | |a DOCUMENTOS ETNOGRAFICOS |2 CL-VaPUC |9 549136 | |
| 650 | 0 | |a Desarrollo cultural |9 267526 | |
| 650 | 7 | |a CATALOGACION DESCRIPTIVA |2 CL-VaPUC |9 532950 | |
| 650 | 7 | |a NORMAS DE CATALOGACION |2 CL-VaPUC |9 549137 | |
| 650 | 7 | |a FORMATO ARPA |2 CL-VaPUC |9 549138 | |
| 583 | |a last modification |c 20100429 00:00:00 |k Rodrigo Vera | ||
| 490 | 0 | |a Manual Técnico, 2 | |
| 999 | |c 340688 |d 340686 | ||
| 952 | |0 0 |1 0 |4 0 |6 001_000000000000000_AST_2010 |7 0 |8 C |9 435635 |a BIBCUR |b BIBCUR |d 2019-11-22 |i 4670264 |o 001 AST 2010 |p 4670264 |r 2025-04-22 |w 2019-11-22 |y BK |k CAC | ||